| 000 | 00566nam a2200217Ia 4500 | ||
|---|---|---|---|
| 999 |
_c55401 _d55401 |
||
| 003 | 0100 | ||
| 005 | 20171017091111.0 | ||
| 008 | 130303s9999 xx 000 0 und d | ||
| 040 | _cARRUPELIB | ||
| 050 | _aB765.T53 1951 | ||
| 100 |
_aThomas Aquinas, St _937128 |
||
| 245 | _aDe Origine formae Materialis | ||
| 260 | _aRomae | ||
| 260 | _bApud Aedes Pontificial Universitatis Gregorianae | ||
| 300 | _a90p. | ||
| 300 | _b 22cm | ||
| 600 |
_aAristotle _xMetaphysics _937127 |
||
| 700 |
_aHoenen, Petrus _937129 |
||
| 942 |
_2lcc _cMONOGRAPH |
||